| 000 | 00585nam a2200169Ia 4500 | ||
|---|---|---|---|
| 008 | 110201s9999 xx 000 0 und d | ||
| 082 |
_bB2623 _aKS 545 |
||
| 100 | _aनाडकर्णी ज्ञानेश्वर | ||
| 245 | _aप्रस्थान | ||
| 260 | _bमॅजेस्टिक प्रकाशन | ||
| 365 | _b50 | ||
| 600 | _aनाडकर्णी ज्ञानेश्वर | ||
| 630 | _aप्रस्थान | ||
| 700 | _aनाडकर्णी ज्ञानेश्वर | ||
| 730 | _aप्रस्थान | ||
| 942 | _cBOOK | ||
| 999 |
_c829503 _d829500 |
||